| 000 | 00895nam a22002297a 4500 | ||
|---|---|---|---|
| 003 | OSt | ||
| 005 | 20250414095848.0 | ||
| 008 | 240827b ||||| |||| 00| 0 eng d | ||
| 040 | _c0 | ||
| 082 | _aDPer 570 J826 2021 v. 53 n. 1-5. | ||
| 100 |
_aWhitenack, Lisa B. _eauthor. _959057 |
||
| 245 |
_aUntangling the contribution of characters to evolutionary relationships : _ba case study using fossils, morphology, and genes / _cLisa B. Whitenack, and Joshua A. Drew. |
||
| 260 |
_aUnited Kingdom ; _bTaylor & Francis Group, _cApril 2019. |
||
| 300 |
_avolume 53, pages 217-224, _billustration. |
||
| 500 | _aJournal of Biological Education, v. 53 n. 2, pages 217-224, April 2019. | ||
| 650 | 0 |
_aAnimals. _966443 |
|
| 650 | 0 |
_aEvolution. _966444 |
|
| 650 | 0 |
_aGenetics. _966445 |
|
| 700 |
_aWhitenack, Lisa B. _eauthor. _959057 |
||
| 700 |
_aDrew, Joshua A. _eauthor. _959058 |
||
| 942 |
_2ddc _cPER |
||
| 999 |
_c20927 _d20927 |
||